000 01379cam a2200301 a 4500
003 OSt
005 20200812141604.0
008 111124s2010 ck r 000 0 spa d
015 _aSSS
020 _a9789589989104
040 _aCO-BoPUJ
_cCO-JMCR
041 0 _aspa
082 0 4 _a345.11
_bL248t
_223
100 1 _alancheros Gámez, Juan Carlos,
_eautor
_98663
245 1 0 _aTrámite legislativo ordinario
_cJuan Carlos Lancheros Gámez, María José Mantilla Calderón, Fabio Pulido Ortiz, [y otros 2].
260 _aBogotá :
_bFundación Derecho Justo :
_bFundación Konrad Adenauer,
_c2010.
300 _axxx, 137 páginas ;
_c24 cm.
490 0 _aSerie hoja de ruta
504 _aIncluye referencias bibliográficas.
505 0 _aPanorama del trámite legislativo ordinario -- Trámite legislativo ordinario -- Contingencias en el trámite -- Principios y otros aspectos del trámite legislativo
520 0 _aLas obras que componen este volumen, Trámite legislativo ordinario y trámite legislativo especial, son partes de la serie Hoja de ruta publicada por la fundación Konrad Adenauer, KAS, en Colombia.
650 2 4 _aLegislación judicial
_98664
650 2 4 _aAdministración de justicia
_92271
650 2 4 _aJueces
_98665
700 1 _aMantilla Calderón, María José,
_eautor
_98666
700 1 _aPulido Ortiz, Fabio,
_eautor
_98667
942 _2ddc
_cBK
999 _c6791
_d6791